LEADER 01028nam a2200253 i 4500 001 991001400569707536 005 20020507192759.0 008 940112s1992 ||| ||| | ita 035 $ab1084238x-39ule_inst 035 $aLE01311711$9ExL 040 $aDip.to Matematica$beng 082 0 $a516.36 084 $aAMS 53C22 100 1 $aMartella, Maria Vita$0537074 245 10$aSulle geodetiche di una varietà riemanniana. Tesi di laurea /$claureanda Maria Vita Martella ; relat. R. A. Marinosci 260 $aLecce :$bUniversità degli studi. Facoltà di Scienze. Corso di laurea in Matematica,$ca.a. 1992-93 650 4$aGeodesics 700 1 $aMarinosci, Rosa Anna 907 $a.b1084238x$b02-04-14$c28-06-02 912 $a991001400569707536 945 $aLE013 TES 1992/93 MAR2$g1$iLE013N-3116$lle013$o-$pE0.00$q-$rl$s- $t0$u0$v0$w0$x0$y.i10952470$z28-06-02 996 $aSulle geodetiche di una varietà riemanniana. Tesi di laurea$9918845 997 $aUNISALENTO 998 $ale013$b01-01-94$cm$da $e-$feng$gxx $h0$i1 LEADER 01224nas 2200421 c 450 001 9910894900503321 005 20260218112937.0 024 7 $aurn:nbn:de:bsz:14-ppn2929733578 035 $a(CKB)3790000000118247 035 $a(DE-599)ZDB2471272-3 035 $a(OCoLC)300115015 035 $a(DE-101)991868749 035 $a(DE-599)2471272-3 035 $a(EXLCZ)993790000000118247 100 $a20081217b18781890 |y | 101 0 $ager 135 $aur||||||||a|| 181 $ctxt$2rdacontent 182 $cc$2rdamedia 183 $acr$2rdacarrier 200 00$aDingler's polytechnisches Journal$h[...]$iAtlas zu Dingler's polytechnischem Journal 210 31$aStuttgart$cCotta$d1878-1890 210 21$aAugsburg$cCotta$danfangs 215 $aOnline-Ressource 517 1 $aDingler's polytechnisches Journal / Atlas 517 3 $aAtlas zu Dingler's polytechnischem Journal 517 3 $aPolytechnisches Journal 608 $aZeitschrift$2gnd-content 676 $a600 676 $a500 686 $a19,2$2ssgn 801 0$b0014 801 1$bDE-101 801 2$b9999 906 $aJOURNAL 912 $a9910894900503321 996 $aDinglers Polytechnisches Journal$9797738 997 $aUNINA